1230 1875 1698 1564 1521 1813 1538 1015 1207 1815 1240 1970 1928 1922 1594 1365 1275 1137 1513 1221 1599 1847 1669 1843 1715 1445 1832 1462 1631 1861 1714 1048 1465 1963 1888 1012 1217 1623 1721 1762 1123 1390 1621 1714 1235 1477 1801 1939 1712 1244 1084 1085 1115 1188 1173 1271 1156 1251 1513 1028 1539 1698 1030 1605 1538 1341 1105 1925 1134 1056 1062 1605 1989 1996 1821 1250 1530 1700 1585 1303 1154 1746 1071 1480 1782 1514 1865 1063 1976 1354 1083 1156 1552 1175 1160 1259 1123 1575 1675 BCNSPRNW ULIB Ver.6.0+V

เปลี่ยนเป็นภาษาไทย

Change to English
 แสดงรายละเอียดบรรณานุกรม
  กลับหน้าหลัก

Brief Record : Get Marc (ISO 2709) : E-mail record : QR code < ปิดหน้าต่าง
LEADER : 00000nam 2200000uu 4500
001    13399122850
003     ULIB
008    131022s2555||||th 000 0 tha d
020    ^a9789742473754
050  4 ^aDS520^bป526ร
100    ^aปัณณภัทร
245    ^aเราคืออาเซียน--บรูไนดารุสซาลาม /^cปัณณภัทร
250    ^aพิมพ์ครั้งที่ 3
260    ^aกรุงเทพฯ :^bอมรินทร์คอมมิกส์,^c2555
300    ^a55 หน้า
440  0 ^aชุด เราคืออาเซียน
650  7 ^aประชาคมอาเซียน
650  7 ^aอาเซียน
650  7 ^aบรูไนดารุสซาลาม
945    ^p75^l0^i034072
999    ^aทศพร
รายการนี้ยังไม่มีแท็ก
คุณยังไม่ได้ล็อกอิน คุณสามารถมีกิจกรรมร่วมกับเว็บไซต์ได้ แต่ต้องล็อกอินก่อน ::
  ล็อกอิน

รายการสื่อสารสนเทศ

ลำดับที่ ประเภท เลขเรียก/บาร์โค้ด สถานที่ สถานะ
1. การศึกษาทั่วไป
หนังสือสำรอง
สถานะ=หนังสือสำรอง
DS520 ป526ร ฉ.1 
  Barcode: 034072
ห้องสมุดวิทยาเขตสวรรค์ประชารักษ์
►หนังสือทั่วไป
บนชั้น

รายการใกล้เคียง
    ผู้แต่ง [ปัณณภัทร]

    หัวเรื่อง [ประชาคมอาเซียน]
    หัวเรื่อง [อาเซียน]
    หัวเรื่อง [บรูไนดารุสซาลาม]

BibComment


ยังไม่เคยถูกคอมเมนท์

คอมเมนท์ทรัพยากรรายการนี้
  คอมเมนท์: เราคืออาเซียนบรู..


 Copyright 2026. Bcnsprnw @Library